les (autres) grandes figures médiévales - Statistiques

Statistiques générales
  • Ce quiz a été pris 14 fois
  • Le résultat moyen est 5 sur 16
Statistiques - réponses
Hint Période/Règne Réponse % Correct
Duc de Normandie puis roi d'Angleterre en 1066. 1035 - 1087 Guillaume le Conquérant
90%
L'un des principaux roi des Francs du VIIème siècle, apogée des Mérovingiens. 629 - 639 Dagobert Ier
40%
Seigneur des "vikings" il conclut le traité de Saint-Clair-Sur-Epte qui permet l'établissement des Normands en Neustrie. 911 - 932 Rollon
40%
L'un des principaux conseillers de Charlemagne, acteur de "la renaissance carolingienne" ~730 - 804 Alcuin
30%
Epouse de Sigebert Ier, régente du trône d'Austrasie elle mène la guerre contre la Neustrie lors de la Faide royale. ~ 543 - 613 Brunehaut
30%
Epouse de Chilpéric Ier (roi de Neustrie), participe au déclenchement de la querelle avec l'Austrasie. Probablement à l'origine du meurtre de Sigebert. ~ 545 - 597 Frédégonde
30%
Ecrivain gallo-romain, évêque de Tours en 573 il défend l'Eglise lors des querelles des Mérovingiens. Hagiographe et auteur de Historia Francorum ? - 594 Grégoire de Tours
30%
Pape, instigateur de la réforme grégorienne sous le pontificat de Léon IX et le sien. Entre en conflit avec Henri IV (querelle des Investitures) 1073 - 1085 (pontificat) Grégoire VII
30%
Duc d'Aquitaine, il fonde l'abbaye de Cluny. ~ 875 - 918 Guillaume le Pieux
20%
Occupe en 845 (jusqu'à sa mort) le siège archiépiscopal de Reims, juriste il met en place une puissante justice ecclésiastique contrôlée par l'archevêque, réglemente le mariage. ~ 806 - 882 Hincmar
20%
Evêque et figure de l'Espagne wisigothique, du dynamisme culturel et de la collaboration entre l'Eglise et les rois. ~ 570 - 636 Isidore de Séville
20%
Restaurateur de l'empire par les conquêtes, l'expansion du christianisme, il se fait couronner empereur en 962. 936 - 973 Otton Ier
20%
Roi des Francs excommunié en 1094 parce qu'a pris pour maitresse sa cousine Bertrade 1060 - 1108 Philippe Ier
20%
Moine chroniqueur de son temps (Histoires), il use du témoignage de ses contemporains. fin Xème siècle - 1049 Raoul Glaber
20%
Roi des Ostrogoths, il proscrit le mariage entre Goths et Romains. 493 - 526 Theodoric
20%
Figure de la vie intellectuelle du début du IXème siècle, fidèle de Louis le Pieux, il rédige La Vie de Charlemagne vers 820 à la gloire de l'empereur. ~ 770 - 840 Eginhard
10%
Aucun quiz correspondant
Distribution des résultats
% des personnes avec chaque résultat
Percentile par nombre de réponses
Votre historique - résultats
Vous n’avez pas pris ce quiz